Vodný plán Slovenska
Nová spoločná vodná politika EÚ. Vodný plán Slovenska ako prvý výstup implementačného procesu pri zavádzaní spoločnej vodnej politiky členských štátov EÚ v Slovenskej republike. Výnimky z dosiahnutia environmentálnych cieľov. Realizácia programu opatrení, náklady na opatrenia.
Salvato in:
| Autore principale: | |
|---|---|
| Natura: | Capitolo di libro |
| Lingua: | slovacco |
| Soggetti: | |
| Tags: |
Nessun Tag, puoi essere il primo ad aggiungerne!!
|
MARC
| LEADER | 00000naa$a2200000$$$4500 | ||
|---|---|---|---|
| 001 | 0112348 | ||
| 005 | 20231207140849.8 | ||
| 041 | 0 | |a slo | |
| 044 | |a SK | ||
| 245 | 1 | 0 | |a Vodný plán Slovenska |c Jana Gajdová |
| 520 | |a Nová spoločná vodná politika EÚ. Vodný plán Slovenska ako prvý výstup implementačného procesu pri zavádzaní spoločnej vodnej politiky členských štátov EÚ v Slovenskej republike. Výnimky z dosiahnutia environmentálnych cieľov. Realizácia programu opatrení, náklady na opatrenia. | ||
| 610 | 2 | 0 | |a voda |
| 610 | 2 | 0 | |a politika |
| 610 | 2 | 0 | |a plánovanie |
| 610 | 2 | 0 | |a Slovensko |
| 610 | 2 | 0 | |a Európska únia |
| 610 | 2 | 0 | |a smernice |
| 610 | 2 | 0 | |a opatrenia |
| 610 | 2 | 0 | |a náklady |
| 100 | 1 | |a Gajdová, Jana | |